Echelle de mots * Voyage de Lille à Lille - Statistiques

Statistiques générales
  • Ce quiz a été pris 874 fois
  • Le résultat moyen est 8 sur 34
Statistiques - réponses
Indice Réponse % Correct
Capitale des Flandres Lille
100%
Capitale des Flandres Lille
100%
Lille par exemple Ville
75%
Capitale Paris
61%
Siège de roi Trône
52%
Pas le votre Notre
44%
Organe filtrant Reins
40%
Vole Pille
37%
Dérobés Volés
35%
Les moins bons Pires
32%
Evaluer Noter
19%
Pas écrite Orale
19%
En direct Lives
17%
En Bretagne Brest
16%
Malagré Enora
16%
Accus Piles
14%
En Normandie Rouen
14%
Rejet des précédents Urine
13%
N'est pas mince Epais
12%
Lac Leman
10%
Orignals Elans
9%
En Touraine Tours
8%
Filtre la lumière Store
6%
En Poitou Niort
5%
En Provence Arles
4%
Junger Ernst
2%
Primaire Rouge
2%
Cité Bourg
1%
Mis à disposition Loués
1%
En Ile-de-France Melun
1%
Lourd Relou
1%
Cale Soute
1%
Accélérateur Turbo
1%
Trompe (populaire) Roule
0%
Aucun quiz correspondant
Distribution des résultats
% des personnes avec chaque résultat
Percentile par nombre de réponses
Votre historique - résultats
Vous n’avez pas pris ce quiz